| 000 | 00586nam a2200229Ia 4500 | ||
|---|---|---|---|
| 003 | OSt | ||
| 005 | 20220918193012.0 | ||
| 006 | a|||||r|||| 00| 0 | ||
| 007 | ta | ||
| 008 | 220917b |||||||| |||| 00| 0 eng d | ||
| 024 | _a71,456 | ||
| 037 | _cTextual | ||
| 040 |
_aARTS _cARTS _beng |
||
| 041 |
_2eng _aeng |
||
| 082 | _aR3xM89,2, H0 PD | ||
| 100 | _aCollingwood R G | ||
| 245 | 0 | _aEssays on metaphysics | |
| 260 |
_aLondon _bO U P _c1940 |
||
| 300 |
_ax, 354p. _ccm. |
||
| 942 |
_hR3xM89,2, H0 PD _cTEXL _2CC |
||
| 999 |
_c197529 _d197529 |
||